El mexicano : (Registro nro. 24402)
[ vista simple ]
| 000 -LEADER | |
|---|---|
| fixed length control field | 01388cam a2200349 i 4500 |
| 001 - CONTROL NUMBER | |
| control field | 24402 |
| 003 - CONTROL NUMBER IDENTIFIER | |
| control field | Mx-PuUPA |
| 005 - DATE AND TIME OF LATEST TRANSACTION | |
| control field | 20251020092705.0 |
| 008 - FIXED-LENGTH DATA ELEMENTS--GENERAL INFORMATION | |
| fixed length control field | 140415s1977 mx gr 000 0 spa d |
| 020 ## - INTERNATIONAL STANDARD BOOK NUMBER | |
| International Standard Book Number | 9764190298 |
| 040 ## - CATALOGING SOURCE | |
| Original cataloging agency | Mx-PuUPA |
| Language of cataloging | spa |
| Transcribing agency | Mx-PuUPA |
| Modifying agency | Mx-PuUPA |
| Description conventions | rda |
| 041 0# - LANGUAGE CODE | |
| Language code of text/sound track or separate title | spa |
| 100 1# - MAIN ENTRY--PERSONAL NAME | |
| Personal name | Ramírez, Santiago, |
| Dates associated with a name | 1921- |
| Relator term | autor |
| 9 (RLIN) | 2594 |
| 245 13 - TITLE STATEMENT | |
| Title | El mexicano : |
| Remainder of title | psicología de sus motivaciones / |
| Statement of responsibility, etc. | Santiago Ramírez ; prólogo, Mauricio González de la Garza |
| 250 ## - EDITION STATEMENT | |
| Edition statement | Decimoséptima edición |
| 264 #1 - PRODUCTION, PUBLICATION, DISTRIBUTION, MANUFACTURE, AND COPYRIGHT NOTICE | |
| Place of production, publication, distribution, manufacture | México, D.F. : |
| Name of producer, publisher, distributor, manufacturer | Editorial Grijalbo, |
| Date of production, publication, distribution, manufacture, or copyright notice | ©1977 |
| 300 ## - PHYSICAL DESCRIPTION | |
| Extent | 191 páginas ; |
| Dimensions | 19 cm |
| 336 ## - CONTENT TYPE | |
| Fuente | rdacontent |
| Content type term | texto |
| Content type code | txt |
| 337 ## - MEDIA TYPE | |
| Source | rdamedia |
| Media type term | sin medio |
| Media type code | n |
| 338 ## - CARRIER TYPE | |
| Source | rdacarrier |
| Carrier type term | volumen |
| Carrier type code | nc |
| 490 0# - SERIES STATEMENT | |
| Series statement | Cultura y Sociedad |
| 650 #7 - SUBJECT ADDED ENTRY--TOPICAL TERM | |
| Source of heading or term | armarc |
| Topical term or geographic name entry element | Características nacionales mexicanas |
| 650 #7 - SUBJECT ADDED ENTRY--TOPICAL TERM | |
| Source of heading or term | armarc |
| Topical term or geographic name entry element | Psicología de los mexicanos |
| 650 #7 - SUBJECT ADDED ENTRY--TOPICAL TERM | |
| Source of heading or term | armarc |
| Topical term or geographic name entry element | Motivación (Psicología) |
| 650 #7 - SUBJECT ADDED ENTRY--TOPICAL TERM | |
| Source of heading or term | armarc |
| Topical term or geographic name entry element | Mexicanos |
| General subdivision | Psicología |
| 700 1# - ADDED ENTRY--PERSONAL NAME | |
| Personal name | González de la Garza, Mauricio, |
| Relator term | prologuista |
| 775 0# - OTHER EDITION ENTRY | |
| Main entry heading | Ramírez, Santiago, |
| Title | El mexicano : psicología de sus motivaciones |
| Edition | Tercera edición |
| Place, publisher, and date of publication | México, D.F. : Editorial Grijalbo, 1977 |
| Record control number | 61209 |
| International Standard Book Number | 9684190298 |
| 942 ## - ADDED ENTRY ELEMENTS (KOHA) | |
| Source of classification or shelving scheme | Dewey Decimal Classification |
| Koha item type | Libro |
| Classification part | 155.8972 |
| Item part | R65 |
| Withdrawn status | Lost status | Source of classification or shelving scheme | Damaged status | Not for loan | Collection code | Home library | Current library | Shelving location | Date acquired | Source of acquisition | Total Checkouts | Full call number | Barcode | Date last seen | Copy number | Price effective from | Koha item type |
|---|---|---|---|---|---|---|---|---|---|---|---|---|---|---|---|---|---|
| Dewey Decimal Classification | General | Biblioteca Karol Wojtyla | Biblioteca Karol Wojtyla | Sala general | 03/12/2013 | Donación | 155.8972 R65 1977 | 45528 | 05/01/2026 | Ej.2 | 03/12/2013 | Libro |